000 00685nam a2200229Ia 4500
003 OSt
005 20221007080644.0
006 a|||||r|||| 00| 0
007 ta
008 221006b |||||||| |||| 00| 0 eng d
024 _a27,196
037 _cReports / Technical Reports
040 _aFLL
_cFLL
_beng
041 _2eng
_aeng
082 _aZ42:5ZAy7, L2
100 _aMinear Richard H.
_9648807
245 0 _aVictor's justice the Tokyo war crimes trial
260 _aNew Jersey
_b Princeton University Press New
_c1972
300 _axv,1-229p
_ccm.
942 _hZ42:5ZAy7, L2
_cREP
_2CC
999 _c1160430
_d1160430